Bank-körkép: Czeh és Szlovákiáról.

Počiatky bankovej reformy v ČSFR od r. 1989 a súčasná situácia. Vplyv platobnej neschopnosti podnikov na činnosť bánk. Nízka úroveň kapitálovej vybavenosti bánk a aktív. Situácia bánk so zahraničnou kapitálovou účasťou. Príčiny absencie vzájomnej konkurencie. Situácia kľúčových bánk (Komerční, Všeob...

Ausführliche Beschreibung

Gespeichert in:
Bibliographische Detailangaben
1. Verfasser: Ispánkiné, S.K
Format: Buchkapitel
Sprache:Ungarisch
Schlagworte:
Tags: Tag hinzufügen
Keine Tags, Fügen Sie das erste Tag hinzu!

MARC

LEADER 00000naa a2200000 4500
001 r007658
005 20221125114007.5
041 0 |a hun 
044 |a HU 
245 1 0 |a Bank-körkép: Czeh és Szlovákiáról.  |c S.K. Ispánkiné 
520 |a Počiatky bankovej reformy v ČSFR od r. 1989 a súčasná situácia. Vplyv platobnej neschopnosti podnikov na činnosť bánk. Nízka úroveň kapitálovej vybavenosti bánk a aktív. Situácia bánk so zahraničnou kapitálovou účasťou. Príčiny absencie vzájomnej konkurencie. Situácia kľúčových bánk (Komerční, Všeobecná úverová, Obchodní a i.). Účasť zahraničných bánk a zmiešaných bánk, zastúpenia zahraničných bánk v ČSFR. 
610 2 0 |a bankovníctvo 
610 2 0 |a ČSFR 
610 2 0 |a 1989-1991 
610 2 0 |a banky 
610 2 0 |a insolventnosť 
610 2 0 |a kapitál zahraničný 
610 2 0 |a konkurencia 
610 2 0 |a aktíva 
100 1 |a Ispánkiné, S.K.